| 000 | 00514nam a2200181 a 4500 | ||
|---|---|---|---|
| 001 | 3758 | ||
| 005 | 20140414131913.0 | ||
| 008 | 061010s19uu xx 00 eng d | ||
| 020 | _a0-439-06001-X | ||
| 050 |
_aER _bC63 1998 |
||
| 100 | _aMilgrim, David | ||
| 245 |
_aCows can't fly / _cretold by Heather Amery ; illustrated by Stephen Cartwright. |
||
| 260 |
_aNew York : _bScholastic, _c1998. |
||
| 300 | _a1 v. p. : ill. ; cm. | ||
| 650 |
_aCows _xFiction. |
||
| 650 | _aChildren stories. | ||
| 999 |
_c111296 _d111296 |
||